Groupes de choses - Les régimes des pays du monde - Statistiques

Statistiques générales
  • Ce quiz a été pris 109 fois
  • Le résultat moyen est 93 sur 200
Statistiques - réponses
Indice Réponse % Correct
Régime semi-présidentiel FRANCE
74%
Etat à parti unique CHINE
70%
Etat à parti unique COREE-DU-NORD
69%
Monarchie absolue ARABIE SAOUDITE
68%
Théocratie IRAN
68%
Monarchie constitutionnelle dont le monarque n'a pas de fonctions effectives ROYAUME-UNI
68%
Monarchie constitutionnelle dont le monarque n'a pas de fonctions effectives ESPAGNE
65%
Théocratie VATICAN
64%
Régime parlementaire ALLEMAGNE
63%
Régime présidentiel sans Premier ministre ETATS-UNIS
63%
Monarchie constitutionnelle dont le monarque n'a pas de fonctions effectives BELGIQUE
61%
Monarchie constitutionnelle dont le monarque n'a pas de fonctions effectives CANADA
61%
Régime présidentiel sans Premier ministre BRESIL
60%
Monarchie constitutionnelle dont le monarque n'a pas de fonctions effectives JAPON
60%
Régime semi-présidentiel RUSSIE
60%
Monarchie constitutionnelle dont le monarque n'a pas de fonctions effectives SUEDE
60%
Monarchie constitutionnelle dont le monarque n'a pas de fonctions effectives NORVEGE
59%
Régime semi-présidentiel ALGERIE
58%
Monarchie constitutionnelle dont le monarque n'a pas de fonctions effectives ANDORRE
58%
Monarchie constitutionnelle dont le monarque n'a pas de fonctions effectives AUSTRALIE
58%
Junte militaire BIRMANIE
58%
Monarchie constitutionnelle dont le monarque n'a pas de fonctions effectives DANEMARK
57%
Régime présidentiel avec Premier ministre COREE-DU-SUD
56%
Etat à parti unique CUBA
56%
Etat à parti unique VIET NAM
56%
Monarchie constitutionnelle dont le monarque a un réel pouvoir MAROC
55%
Monarchie constitutionnelle dont le monarque n'a pas de fonctions effectives NOUVELLE-ZELANDE
55%
Monarchie absolue OMAN
55%
Régime semi-présidentiel POLOGNE
55%
Régime semi-présidentiel PORTUGAL
55%
Monarchie absolue QATAR
55%
Régime semi-présidentiel UKRAINE
55%
Régime présidentiel sans Premier ministre AFGHANISTAN
53%
Régime parlementaire ITALIE
53%
Monarchie constitutionnelle dont le monarque a un réel pouvoir LIECHTENSTEIN
53%
Régime présidentiel sans Premier ministre MEXIQUE
53%
Monarchie constitutionnelle dont le monarque n'a pas de fonctions effectives PAYS-BAS
53%
Régime transitionnel AFGHANISTAN
52%
Régime républicain hybride AFRIQUE-DU-SUD
52%
Régime présidentiel sans Premier ministre CHILI
52%
Régime parlementaire FINLANDE
52%
Régime présidentiel sans Premier ministre IRAN
52%
Monarchie constitutionnelle dont le monarque n'a pas de fonctions effectives LUXEMBOURG
52%
Monarchie constitutionnelle dont le monarque a un réel pouvoir MONACO
52%
Régime parlementaire SAINT-MARIN
52%
Régime directorial SUISSE
52%
Régime présidentiel sans Premier ministre ARGENTINE
51%
Régime semi-présidentiel IRLANDE
51%
Régime parlementaire ISRAEL
51%
Junte militaire THAILANDE
51%
Régime parlementaire ALBANIE
50%
Régime présidentiel avec Premier ministre BIELORUSSIE
50%
Monarchie absolue BRUNEI
50%
Monarchie constitutionnelle dont le monarque n'a pas de fonctions effectives CAMBODGE
50%
Régime présidentiel sans Premier ministre COLOMBIE
50%
Régime parlementaire CROATIE
50%
Monarchie constitutionnelle dont le monarque a un réel pouvoir EMIRATS ARABES UNIS
50%
Régime présidentiel sans Premier ministre EQUATEUR
50%
Régime parlementaire IRAK
50%
Régime parlementaire LETTONIE
50%
Régime transitionnel LIBYE
50%
Régime parlementaire LITUANIE
50%
Régime présidentiel sans Premier ministre PANAMA
50%
Régime parlementaire SLOVAQUIE
50%
Régime parlementaire SLOVENIE
50%
Régime semi-présidentiel TUNISIE
50%
Régime présidentiel sans Premier ministre TURQUIE
50%
Régime présidentiel avec Premier ministre YEMEN
50%
Régime parlementaire AUTRICHE
49%
Régime présidentiel avec Premier ministre BIRMANIE
49%
Régime présidentiel sans Premier ministre BOLIVIE
49%
Régime parlementaire BULGARIE
49%
Régime semi-présidentiel EGYPTE
49%
Régime parlementaire ESTONIE
49%
Régime parlementaire GRECE
49%
Régime parlementaire HONGRIE
49%
Régime parlementaire INDE
49%
Régime présidentiel avec Premier ministre KAZAKHSTAN
49%
Monarchie constitutionnelle dont le monarque n'a pas de fonctions effectives MALAISIE
49%
Régime présidentiel sans Premier ministre PARAGUAY
49%
Régime présidentiel avec Premier ministre PEROU
49%
Régime semi-présidentiel ROUMANIE
49%
Régime parlementaire SERBIE
49%
Régime semi-présidentiel SYRIE
49%
Régime semi-présidentiel CONGO
48%
Régime présidentiel sans Premier ministre GUATEMALA
48%
Régime présidentiel avec Premier ministre OUZBEKISTAN
48%
Etat à parti unique TURKMENISTAN
48%
Régime présidentiel sans Premier ministre URUGUAY
48%
Régime présidentiel sans Premier ministre VENEZUELA
48%
Régime présidentiel sans Premier ministre ZAMBIE
48%
Monarchie constitutionnelle dont le monarque a un réel pouvoir BHOUTAN
47%
Régime parlementaire BOSNIE-HERZEGOVINE
47%
Régime présidentiel sans Premier ministre COSTA RICA
47%
Régime présidentiel sans Premier ministre INDONESIE
47%
Régime semi-présidentiel ISLANDE
47%
Etat à parti unique LAOS
47%
Régime semi-présidentiel MONGOLIE
47%
Régime présidentiel sans Premier ministre SURINAME
47%
Régime présidentiel avec Premier ministre AZERBAIDJAN
45%
Monarchie constitutionnelle dont le monarque a un réel pouvoir BAHREIN
45%
Monarchie constitutionnelle dont le monarque n'a pas de fonctions effectives BELIZE
45%
Régime présidentiel sans Premier ministre CHYPRE
45%
Junte militaire GUINEE
45%
Monarchie constitutionnelle dont le monarque n'a pas de fonctions effectives JAMAIQUE
45%
Monarchie constitutionnelle dont le monarque a un réel pouvoir JORDANIE
45%
Monarchie constitutionnelle dont le monarque a un réel pouvoir KOWEIT
45%
Régime parlementaire MACEDOINE
45%
Régime semi-présidentiel MALI
45%
Régime parlementaire MALTE
45%
Monarchie constitutionnelle dont le monarque n'a pas de fonctions effectives PAPOUASIE-NOUVELLE-GUINEE
45%
Régime présidentiel sans Premier ministre SOUDAN
45%
Régime semi-présidentiel TCHEQUIE
45%
Régime semi-présidentiel ZIMBABWE
45%
Régime présidentiel avec Premier ministre ARMENIE
44%
Régime présidentiel avec Premier ministre CAMEROUN
44%
Régime présidentiel sans Premier ministre HONDURAS
44%
Régime présidentiel avec Premier ministre MAURITANIE
44%
Régime parlementaire MONTENEGRO
44%
Régime parlementaire NEPAL
44%
Régime semi-présidentiel NIGER
44%
Régime présidentiel sans Premier ministre NIGERIA
44%
Régime présidentiel sans Premier ministre ANGOLA
43%
Etat à parti unique ERYTHREE
43%
Régime parlementaire ETHIOPIE
43%
Régime semi-présidentiel GUYANA
43%
Régime semi-présidentiel HAITI
43%
Monarchie constitutionnelle dont le monarque n'a pas de fonctions effectives LESOTHO
43%
Régime présidentiel sans Premier ministre NICARAGUA
43%
Régime parlementaire PAKISTAN
43%
Régime présidentiel sans Premier ministre SALVADOR
43%
Régime transitionnel SOMALIE
43%
Régime présidentiel sans Premier ministre SOUDAN-DU-SUD
43%
Régime présidentiel avec Premier ministre SRI LANKA
43%
Régime semi-présidentiel TAIWAN
43%
Régime républicain hybride BOTSWANA
42%
Régime transitionnel ERYTHREE
42%
Régime présidentiel avec Premier ministre GUINEE EQUATORIALE
42%
Régime semi-présidentiel KIRGHIZISTAN
42%
Régime semi-présidentiel MADAGASCAR
42%
Régime présidentiel sans Premier ministre MALDIVES
42%
Régime parlementaire MOLDAVIE
42%
Régime présidentiel sans Premier ministre PHILIPPINES
42%
Régime semi-présidentiel SENEGAL
42%
Monarchie constitutionnelle dont le monarque n'a pas de fonctions effectives ANTIGUA-ET-BARBUDA
41%
Régime semi-présidentiel COTE D'IVOIRE
41%
Régime parlementaire LIBAN
41%
Régime présidentiel sans Premier ministre REPUBLIQUE DOMINICAINE
41%
Régime semi-présidentiel SOMALIE
41%
Régime présidentiel avec Premier ministre TCHAD
41%
Monarchie constitutionnelle dont le monarque n'a pas de fonctions effectives BAHAMAS
40%
Régime présidentiel avec Premier ministre CENTRAFRIQUE
40%
Monarchie absolue ESWATINI
40%
Régime semi-présidentiel GEORGIE
40%
Régime présidentiel avec Premier ministre MOZAMBIQUE
40%
Régime présidentiel avec Premier ministre OUGANDA
40%
Monarchie constitutionnelle dont le monarque n'a pas de fonctions effectives SAINT-VINCENT-ET-LES-GRENADINES
40%
Régime présidentiel avec Premier ministre TOGO
40%
Monarchie constitutionnelle dont le monarque a un réel pouvoir TONGA
40%
Monarchie constitutionnelle dont le monarque n'a pas de fonctions effectives TUVALU
40%
Régime parlementaire BANGLADESH
39%
Régime présidentiel sans Premier ministre BURUNDI
39%
Régime semi-présidentiel KENYA
39%
Régime républicain hybride MICRONESIE
39%
Régime présidentiel avec Premier ministre NAMIBIE
39%
Monarchie constitutionnelle dont le monarque n'a pas de fonctions effectives SAINT-CHRISTOPHE-ET-NIEVES
39%
Régime présidentiel sans Premier ministre SEYCHELLES
39%
Régime parlementaire SINGAPOUR
39%
Régime semi-présidentiel TADJIKISTAN
39%
Régime parlementaire VANUATU
39%
Régime parlementaire BARBADE
38%
Régime semi-présidentiel BURKINA FASO
38%
Régime présidentiel sans Premier ministre COMORES
38%
Régime parlementaire FIDJI
38%
Régime présidentiel sans Premier ministre LIBERIA
38%
Régime présidentiel sans Premier ministre RWANDA
38%
Monarchie constitutionnelle dont le monarque n'a pas de fonctions effectives SAINTE-LUCIE
38%
Régime parlementaire SAMOA
38%
Régime présidentiel sans Premier ministre BENIN
36%
Régime semi-présidentiel DJIBOUTI
36%
Régime présidentiel avec Premier ministre GABON
36%
Régime semi-présidentiel GUINEE BISSAU
36%
Régime parlementaire DOMINIQUE
35%
Régime présidentiel sans Premier ministre GHANA
35%
Monarchie constitutionnelle dont le monarque n'a pas de fonctions effectives GRENADE
35%
Régime républicain hybride MARSHALL
35%
Régime parlementaire MAURICE
35%
Régime républicain hybride NAURU
35%
Régime semi-présidentiel SAO TOME-ET-PRINCIPE
35%
Régime présidentiel avec Premier ministre TANZANIE
35%
Régime parlementaire CAP-VERT
34%
Régime présidentiel sans Premier ministre MALAWI
34%
Régime présidentiel sans Premier ministre PALAOS
34%
Monarchie constitutionnelle dont le monarque n'a pas de fonctions effectives SALOMON
34%
Régime parlementaire TRINITE-ET-TOBAGO
34%
Régime présidentiel sans Premier ministre GAMBIE
33%
Régime présidentiel sans Premier ministre SIERRA LEONE
33%
Régime parlementaire TIMOR ORIENTAL
33%
Régime présidentiel sans Premier ministre KIRIBATI
31%
Régime semi-présidentiel CONGO RD
3%
Aucun quiz correspondant
Distribution des résultats
% des personnes avec chaque résultat
Percentile par nombre de réponses
Votre historique - résultats
Vous n’avez pas pris ce quiz